01436nam a2200277 a 450000100100000000500170001000800410002704000250006808200150009310000490010824502230015725000110038026000450039130000270043649000380046350000660050150000740056750400300064159000260067170000390069783000450073695201280078195201130090995201190102299900170114100004710120201002053346.0180416s2013 dr a 000 0 spa d aDO-SdBNPbspacBNPHU axxxxbxxxx1 aCross Frías de Fiallo, Isabel Luisa97490710aCiencias de la naturaleza : manual de prácticas de laboratorio :bprimer grado de educación básica /cIsabel Luisa Cross Frías de Fiallo ; ilustraciones Carlos José Peña, Isabel Luisa Cross Frias de Fiallo. a2a ed. aSanto Domingo :bAmigo del Hogar,c2013. a28 P. :bil. ;c28 cm.1 aCiclos de aprendizaje práctico. aIncluye datos biográficos de la autora en la contracubierta aEvaluados, revisados y aprobados. Dirección general de currículo. aBibliografía : p. 26-27 aInventariado, 2018/LP1 aPeña, Carlos José,eil.974908 0aCiclos de aprendizaje práctico.974909 001054708DSaGRbGRcHDd2018-04-16iLF1l0oxxxx xxxxp47101-30r2020-06-25te. 3w2020-06-25yLFDSZPréstamo en sala 0010718PDaPDbPDcHDd2018-04-16iLF1l0oxxxx xxxxp47101-10r2020-06-25w2020-06-25yLFPDZNo se presta 0010718PDaPDbPDcHDd2018-04-16iLF1l0oxxxx xxxxp47101-20r2020-06-25te. 2w2020-06-25yLFPDZNo se presta c46589d46589